000 00944nmm a2200313 a 4500
003 AR-BaBNM
005 20251128204521.0
008 011101s1994 ||||||||||||||000 | spa||
020 _a950-14-0743-8
040 _cAR-BaBNM
100 1 _aSagarna, Fernando Alfredo
245 1 0 _aResponsabilidad civil de los docentes y de los institutos de enseñanza
_bdoctrina y jurisprudencia
260 _aBuenos Aires
_bDepalma
_c1994
300 0 _a242 p.
504 _aBibliografía en p.239-242
650 4 _aRESPONSABILIDAD DEL DOCENTE
650 4 _aRESPONSABILIDAD CIVIL
650 4 _aRESPONSABILIDAD LEGAL
650 4 _aDERECHO CIVIL
650 4 _aDERECHO COMPARADO
650 4 _aDANOS Y PERJUICIOS
650 4 _aLEGISLACION ESCOLAR
650 4 _aJURISPRUDENCIA ANALITICA
653 0 _aACCIDENTES DOMESTICOS
653 0 _aESTABLECIMIENTOS EDUCATIVOS
653 _aDERECHOS Y DEBERES DEL DOCENTE
942 _cBK
998 _cMarce
999 _c7740
_d7740